Applications of graph coverings in the degrre - diameter problem = Aplikácie nakrytí grafov v probléme stupňa a priemeru : Ved. odb. 11-14-9. Obh. 20. 12. 2002

Salvato in:
Dettagli Bibliografici
Autore principale: Šiagiová, Jana, 1966- (Autore)
Altri autori: Širáň, Jozef, 1954- (Relatore della tesi)
Natura: Manoscritto Libro
Lingua:inglese
Pubblicazione: Bratislava : STU v Bratislave FEI, 2002
Soggetti:
Tags: Aggiungi Tag
Nessun Tag, puoi essere il primo ad aggiungerne!!

MARC

LEADER 00000ntm a22000003a 4500
001 stu78879
005 20150617225643.0
008 030131s2002------------------------eng-d
040 |a STU  |b slo 
041 0 |a eng 
080 |a 519.17  |7 stu_us_auth*stu8282 
100 1 |a Šiagiová, Jana,  |d 1966-  |4 aut  |u V220  |U SvF Stavebná fakulta  |T SvF Katedra matematiky a deskriptívnej geometrie  |X 650  |U V220  |Y 23  |7 A000000650 
245 1 |a Applications of graph coverings in the degrre - diameter problem = Aplikácie nakrytí grafov v probléme stupňa a priemeru :  |b Ved. odb. 11-14-9. Obh. 20. 12. 2002 
260 |a Bratislava :  |b STU v Bratislave FEI,  |c 2002 
300 |a 41 s  |c 9 príl. 
650 7 |a aplikovaná matematika  |2 stusub 
650 7 |a teória grafov  |2 stusub 
700 1 |a Širáň, Jozef,  |d 1954-  |4 ths  |u V220  |U SvF Stavebná fakulta  |T SvF Katedra matematiky a deskriptívnej geometrie  |X 640  |U V220  |Y 23  |7 A000000640 
996 |b 284ED00146  |c E*PGŠ-845  |l EE01  |s A  |a 24  |w stu78879_0001